Healthcare Financial Management Journal of the Healthcare Financial Management Association

Guardado en:
Detalles Bibliográficos
Formato: Seriadas
Lenguaje:inglés
Publicado: Westchester Healthcare Financial Management Association 1988
Materias:
Etiquetas: Agregar Etiqueta
Sin Etiquetas, Sea el primero en etiquetar este registro!

MARC

LEADER 00000nas2a2200000 4500
001 s018611
005 20240109090949.9
022 |a 0735-0732 
041 0 |a eng 
044 |a US 
245 1 0 |a Healthcare Financial Management  |b Journal of the Healthcare Financial Management Association 
264 1 |a Westchester  |b Healthcare Financial Management Association  |c 1988 
300 |a 1 zv. 
773 0 |w eu_un_cat*s120723 
610 2 0 |a zdravotníctvo 
610 2 0 |a starostlivosť zdravotná 
610 2 0 |a financie 
610 2 0 |a manažment